| 000 | 00793nam a22002417a 4500 | ||
|---|---|---|---|
| 003 | DO-SdBNP | ||
| 005 | 20210830141044.0 | ||
| 007 | ta | ||
| 008 | 210830e2019 dr ||||er|||| 001 hdspa d | ||
| 020 | _a9789945917611 | ||
| 040 |
_aDO-SdBNP _bspa _cBNPHU |
||
| 041 | _hspa | ||
| 082 | _bG633p | ||
| 100 | 1 |
_aGómez Ramírez, José Miguel _d1948- _933753 |
|
| 245 | 1 | 3 |
_aPinceladas anecdóticas / _cJosé Miguel Gómez Ramírez; Pérez Thipashema, ed.; Silvano Suazo, pról. |
| 260 |
_aSanto Domingo : _bEdición Pérez Thipashema, _c2018 |
||
| 300 |
_a471 p.; _c21 cm |
||
| 500 | _aIncluye biografia de autor en la cubierta posterior. | ||
| 590 | _aInventariado 2021 / MF | ||
| 700 |
_aSuazo, Silvano, _epról. _979638 |
||
| 710 | 2 |
_aThipashema, Pérez, SRL _eed. _979639 |
|
| 942 |
_2ddc _cLBS1 |
||
| 999 |
_c50330 _d50330 |
||